Jean a deux mamans /

Gardado en:
Detalles Bibliográficos
Autor Principal: Texier, Ophélie (Author)
Formato: Libro
Idioma:francés
Publicado: Paris : L'ecole des loisirs, c2004
Series:Les petites familles
Tags: Engadir etiqueta
Sen Etiquetas, Sexa o primeiro en etiquetar este rexistro!

MARC

LEADER 00000nam a22000007i 4500
001 IT\ICCU\UBO\3692396
003 ItRI
005 20260115231839.0
008 090922s2004 fr |||||| ||||| |||||c
020 |a 221107457X 
020 |a 9782211074575 
040 |b ita  |c importazione bologna sebina 
041 7 |a fre  |2 ISO-639-2 
100 1 |a Texier, Ophélie  |0 IT\ICCU\MODV\129596  |4 aut 
245 1 0 |a Jean a deux mamans /  |c Ophelie Texier. 
260 |a Paris :  |b L'ecole des loisirs,  |c c2004 
300 |a 1 v. :  |b ill. ;  |c 17x17 cm. 
830 4 |a Les petites familles  |0 IT\ICCU\UBO\3692400 
942 |2 ddc  |c BK  |n 0 
952 |0 0  |1 0  |4 0  |6 R_741_642000000000000_TEX  |7 0  |9 14116  |a BO  |b BO  |d 2026-01-15  |i 13094  |l 0  |o R 741.642 TEX  |p BO13094  |r 2026-01-15 23:18:39  |w 2026-01-15  |x [Sebina 5] [1 v.]  |y BK  |z 1 v. 
999 |c 12173  |d 12173